000 00648nam a2200205Ia 4500
003 GCL
008 140319s9999 xx 000 0 ara d
040 _aGCL /
_cGCL
082 0 4 _a243
_bم ف
100 1 _aمحمد نعيم عبدالسلام ياسين
245 1 0 _aقوى الانسان بين هدى الرحمن وغواية الشيطان /
_cمحمد نعيم عبدالسلام ياسين
260 _a[S.N] :
_bدار الامان ،
_c1985
300 _a89 ص
490 _a
650 0 4 _aالاسلام
650 0 4 _aالشياطين والجان
650 0 4 _aالسمعيات
650 0 4 _aالايمان
942 _2ddc
_cBK
999 _c29765
_d29765